| 000 | 00713nam a2200253Ia 4500 | ||
|---|---|---|---|
| 003 | OSt | ||
| 005 | 20221005133251.0 | ||
| 006 | a|||||r|||| 00| 0 | ||
| 007 | ta | ||
| 008 | 221004b |||||||| |||| 00| 0 eng d | ||
| 024 | _a67769 | ||
| 037 | _cTextual | ||
| 040 |
_aCRL _cCRL _beng |
||
| 041 |
_2eng _aeng |
||
| 082 | _aX9F191WE.73.N6, K4 | ||
| 110 |
_aNational Productivity Council, New Delhi. _9306144 |
||
| 245 | 0 | _aWelding industry in USA, West Germany and Britain | |
| 260 | _c1964 | ||
| 490 | _aIts report,; 34 | ||
| 650 | _aECONOMICS | ||
| 700 |
_aNational Productivity Council, New Delhi. _9306145 |
||
| 942 |
_hX9F191WE.73.N6, K4 _cTEXL _2cc |
||
| 999 |
_c1066299 _d1066299 |
||